01176nam a2200373 i 4500003000400000005001700004006001900021007000300040008004100043020001500084020001800099040001300117041000700130082002400137245008600161260003700247300004800284490002900332500007800361650003200439650003300471650002000504650002100524650003000545650003400575650002400609650001700633650002200650650002800672650003600700700002400736700002000760700002200780OSt20260508063904.0a|||||r|||| 00| 0 ta191218s2001 ag 000 0 spa d a9507016791 a9789507016790 aAR-MoUNM aES0 220a507.12bCIE 56900aCiencias naturales y tecnología 8 : bEGB 3 / cPatricia Alberico... [et. al.]. aBuenos Aires : bAique, c2001.  a320 p. : bil. ; gráf. ; mapas ; c28 cm.0 a(Colección libros y +) aTítulo de tapa: Ciencias naturales y tecnología 8 : EGB tercer ciclo. 7aCIENCIAS NATURALES2mpirdes 72unescotaCIENCIAS DE LA VIDA 7aFISICA2unescot 7aQUIMICA2unescot 72unescotaTIERRA (PLANETA) 72unescotaDIVERSIDAD BIOLOGICA 72unescotaTECNOLOGIA 7aLUZ2unescot 72unescotaACUSTICA 72unescotaESPECIE HUMANA 7aENSEÑANZA SECUNDARIA2unescot1 aAlberico, Patricia.1 aBurgin, Andrea.1 aCelis, Alejandra.